Tytuły filmów po francusku - Statystyki

Ogólne statystyki
  • Ten quiz został rozwiązany 1 004 razy
  • Średni wynik to 9 z 24
Statystyki odpowiedzi
Francuski Polski % Poprawnych
Retour vers le futur Powrót do przyszłości
70%
Orange mécanique Mechaniczna pomarańcza
67%
La belle et la bête Piękna i Bestia
64%
L'odyssée de Pi Życie Pi
62%
La vie est belle (1997) Życie jest piękne
59%
Le magicien d'Oz Czarnoksiężnik z Oz
58%
Le silence des agneaux Milczenie owiec
50%
La cité de Dieu Miasto Boga
44%
La Planète des singes Planeta małp
43%
L'Âge de glace Epoka lodowcowa
41%
La guerre des étoiles Gwiezdne wojny
38%
Le Cercle des poètes disparus Stowarzyszenie Umarłych Poetów
37%
La Guerre des mondes Wojna światów
37%
La Vie d'Adèle Życie Adeli
30%
La ligne verte Zielona mila
29%
L'Homme de marbre Człowiek z marmuru
24%
Les incorruptibles Nietykalni
23%
Guerre froide Zimna Wojna
21%
Le lauréat Absolwent
14%
Belle de jour Piękność dnia
12%
Les Aventuriers de l'arche perdue Poszukiwacze zaginionej Arki
12%
Trains étroitement surveillés Pociągi pod specjalnym nadzorem
10%
L'Arme fatale Zabójcza broń
9%
Alabama Monroe W kręgu miłości
6%
Nie znaleziono quizów pasujących do podanych kryteriów
Rozkład punktacji
Procent ludzi z każdym wynikiem
Percentyl według liczby udzielonych odpowiedzi
Twoja historia wyników
Nie rozwiązałeś tego quizu